000 00750nam a2200205Ii 4500
003 JO-AjNU
008 230605s9999||||xx |||||||||||||| ||und||
040 _aJO-AjNU
_bara
_erda
_cJO-AjNU
041 _aara
050 1 4 _aPJ6101.2008
100 3 _aدراسة وتحقيق، حسن أحمد العثمان,
_eauthor
_926855
245 0 0 _aشرح شافية ابن الحاجب في علمي التصريف والخط للخضر اليزدي، أئمة سنة 720ه
250 _aط1
264 3 1 _aبيروت: مؤسسة الريان، 2008
300 _aج2، 628-1258ص
336 _atext
_btxt
_2rdacontent
337 _aunmediated
_bn
_2rdamedia
338 _avolume
_bnc
_2rdacarrier
650 4 _a اللغة العربية -- صرف 
_926856
999 _aA10227
_c13795
_d13795